Tropical forest ecosystems: A State of knowledge report

Đã lưu trong:
书目详细资料
主要作者: UNESCO
格式: 图书
语言:Undetermined
出版: Paris UNESCO 1978
主题:
标签: 添加标签
没有标签, 成为第一个标记此记录!
Thư viện lưu trữ: Trung tâm Học liệu Trường Đại học Cần Thơ
LEADER 00503nam a2200181Ia 4500
001 CTU_13294
008 210402s9999 xx 000 0 und d
082 |a 634.9 
082 |b T856 
100 |a UNESCO 
245 0 |a Tropical forest ecosystems: A State of knowledge report 
245 0 |c UNESCO, FAO, UNEP 
260 |a Paris 
260 |b UNESCO 
260 |c 1978 
650 |a forest ecology,forests and forestry 
904 |i Minh, 980122 
980 |a Trung tâm Học liệu Trường Đại học Cần Thơ